Mięśnie kończyny górnej - Statystyki

Ogólne statystyki
  • Ten quiz został rozwiązany 124 razy
  • Średni wynik to 18 z 48
Statystyki odpowiedzi
Odpowiedź % Poprawnych
Dwugłowy ramienia
90%
Trójgłowy ramienia
86%
Naramienny
79%
Ramienny
76%
Nadgrzebieniowy
71%
Podgrzebieniowy
71%
Obły mniejszy
67%
Obły większy
67%
Podłopatkowy
67%
Kruczo-ramienny
66%
Czworoboczny
48%
Łokciowy
48%
Ramienno-promieniowy
48%
Piersiowy większy
47%
Najszerszy grzbietu
45%
Nawrotny obły
45%
Odwracacz
40%
Zginacz promieniowy nadgarstka
40%
Zginacz głęboki palców
38%
Zginacz łokciowy nadgarstka
38%
Dłoniowy długi
36%
Prostownik palców
36%
Zginacz powierzchowny palców
36%
Nawrotny czworoboczny
33%
Zginacz długi kciuka
31%
Dźwigacz łopatki
29%
Przywodziciel kciuka
29%
Zębaty przedni
29%
Odwodziciel długi kciuka
28%
Prostownik palca małego
28%
Odwodziciel krótki kciuka
26%
Prostownik długi kciuka
26%
Zginacz krótki kciuka
26%
Prostownik krótki kciuka
22%
Glistowate
21%
Zginacz palca małego
21%
Dłoniowy krótki
19%
Odwodziciel palca małego
19%
Prostownik łokciowy nadgarstka
19%
Równoległoboczny mniejszy
16%
Równoległoboczny większy
16%
Prostownik wskaziciela
14%
Międzykostne dłoniowe
12%
Międzykostne grzbietowe
12%
Przeciwstawiacz palca małego
12%
Prostownik promieniowy krótki nadgarstka
9%
Łopatkowo-gnykowy
2%
Prostownik promieniowy długi nagdarstka
0%
Nie znaleziono quizów pasujących do podanych kryteriów
Rozkład punktacji
Procent ludzi z każdym wynikiem
Percentyl według liczby udzielonych odpowiedzi
Twoja historia wyników
Nie rozwiązałeś tego quizu